Länder mit Kohlevorkommen - Statistiken

Allgemein
  • Dieses Quiz wurde 54 mal gespielt
    38 seit der letzten Aktualisierung
  • Das Durchschnittsergebnis liegt bei 23 aus 37
Antwortstatistiken
Land % Korrekt
Kanada
100%
Vereinigte Staaten
100%
Deutschland
97%
China
94%
Frankreich
94%
Russland
94%
Australien
88%
Spanien
88%
Polen
84%
Vereinigtes Königreich
81%
Argentinien
78%
Südafrika
78%
Indien
72%
Tschechien
72%
Ukraine
72%
Indonesien
69%
Rumänien
69%
Chile
66%
Iran
63%
Bulgarien
59%
Serbien
59%
Belgien
56%
Kolumbien
56%
Neuseeland
56%
Irland
53%
Nigeria
50%
Vietnam
47%
Luxemburg
44%
Mosambik
38%
Mosambik
38%
Philippinen
38%
Tansania
38%
Botswana
34%
Simbabwe
34%
Sambia
31%
Malawi
19%
Bosnien und Herzegowina
16%
Keine übereinstimmenden Quizze gefunden
Verteilung der Resultate
Anzahl Personen mit jedem Resultat
Perzentil nach korrekt beantworteten Fragen
Ihre Resultats-Entwicklung
Sie haben dieses Quiz seit der letzten Aktualisierung nicht gespielt